[Event "Czech Coal"]
[Site "Carlsbad CZE"]
[Date "2007.09.08"]
[Round "1"]
[White "Korchnoi, V."]
[Black "Timman, J."]
[Result "1/2-1/2"]
[WhiteElo "2610"]
[BlackElo "2560"]
[PlyCount "74"]
[EventDate "2007.09.08"]

1. d4 Nf6 2. c4 e6 3. g3 c5 4. Nf3 cxd4 5. Nxd4 d5 6. Bg2 e5 7. Nf3 d4 8. O-O
Nc6 9. e3 Be7 10. exd4 exd4 11. Bf4 O-O 12. Ne5 Bd7 13. Qb3 Nxe5 14. Bxe5 Bc6
15. Rd1 Bc5 16. Bxc6 bxc6 17. Nd2 Ng4 18. Nf3 d3 19. Rxd3 Bxf2+ 20. Kf1 Qb6 21.
Bf4 Bc5 22. Qxb6 axb6 23. a3 f6 24. Kg2 g5 25. Bd2 Rad8 26. Rxd8 Rxd8 27. Re1
Nxh2 28. Kxh2 g4 29. Be3 gxf3 30. Bxc5 Rd2+ 31. Kh3 bxc5 32. Re3 f2 33. Rf3 Kf7
34. Kg2 Rxb2 35. Rxf2 Rb3 36. Rf3 Rb2+ 37. Rf2 Rb3 1/2-1/2

[Event "Czech Coal"]
[Site "Carlsbad CZE"]
[Date "2007.09.08"]
[Round "1"]
[White "Ponomariov, R."]
[Black "Navara, D."]
[Result "1/2-1/2"]
[WhiteElo "2706"]
[BlackElo "2656"]
[PlyCount "61"]
[EventDate "2007.09.08"]

1. d4 d5 2. c4 c6 3. Nf3 Nf6 4. e3 Bf5 5. Nc3 e6 6. Nh4 Bg6 7. Be2 Nbd7 8. O-O
Bd6 9. g3 O-O 10. Nxg6 hxg6 11. b3 a6 12. Bf3 b5 13. Bd2 Bc7 14. Rc1 bxc4 15.
bxc4 Nb6 16. cxd5 cxd5 17. Na4 Nc4 18. Bb4 Bd6 19. Bxd6 Nxd6 20. Be2 Qa5 21.
Rc6 Rfd8 22. Nb6 Rab8 23. Qa4 Qxa4 24. Nxa4 a5 25. Rfc1 Rb4 26. Nc3 Nfe4 27.
Nxe4 Nxe4 28. R1c2 g5 29. Bd3 g4 30. Kg2 Ng5 31. Be2 1/2-1/2

[Event "Czech Coal"]
[Site "Carlsbad CZE"]
[Date "2007.09.09"]
[Round "2"]
[White "Timman, J."]
[Black "Ponomariov, R."]
[Result "1/2-1/2"]
[WhiteElo "2560"]
[BlackElo "2706"]
[PlyCount "53"]
[EventDate "2007.09.08"]

1. d4 Nf6 2. c4 e6 3. Nf3 d5 4. Nc3 c6 5. Bg5 h6 6. Bxf6 Qxf6 7. e3 Nd7 8. Rc1
g6 9. cxd5 exd5 10. Bd3 Bg7 11. O-O O-O 12. b4 a6 13. a4 Qd6 14. Qb3 Nf6 15. b5
axb5 16. axb5 Be6 17. bxc6 bxc6 18. Qc2 Rfc8 19. Nd2 Nd7 20. Nb3 Bf8 21. Ne2 c5
22. dxc5 Nxc5 23. Nxc5 Rxc5 24. Qxc5 Qxc5 25. Rxc5 Bxc5 26. Nf4 g5 27. Nxe6
1/2-1/2

[Event "Czech Coal"]
[Site "Carlsbad CZE"]
[Date "2007.09.10"]
[Round "3"]
[White "Ponomariov, R."]
[Black "Movsesian, S."]
[Result "1/2-1/2"]
[WhiteElo "2706"]
[BlackElo "2667"]
[PlyCount "83"]
[EventDate "2007.09.08"]

1. d4 d5 2. c4 c6 3. Nf3 Nf6 4. Nc3 a6 5. a4 e6 6. Bg5 Nbd7 7. cxd5 exd5 8. e3
a5 9. Bd3 Be7 10. O-O O-O 11. Qc2 Re8 12. Rae1 Nf8 13. Ne5 Ng4 14. Bxe7 Rxe7
15. f4 f6 16. Nxg4 Bxg4 17. h3 Bh5 18. g4 Bf7 19. Qf2 Qd6 20. Re2 Rae8 21. h4
Kh8 22. Qf3 Nd7 23. g5 Be6 24. f5 Bg8 25. Qf4 Qxf4 26. exf4 Rxe2 27. Bxe2 Nb6
28. Kf2 Bf7 29. Rb1 Nc8 30. Bd3 Nd6 31. g6 hxg6 32. fxg6 Be6 33. Re1 Bg4 34.
Rxe8+ Nxe8 35. Kg3 f5 36. h5 Nc7 37. Be2 Bxe2 38. Nxe2 Kg8 39. Kf3 Ne8 40. Kg3
Nc7 41. Kf3 Ne8 42. Kg3 1/2-1/2

[Event "Czech Coal"]
[Site "Carlsbad CZE"]
[Date "2007.09.11"]
[Round "4"]
[White "Akopian, Vl"]
[Black "Navara, D."]
[Result "1/2-1/2"]
[WhiteElo "2708"]
[BlackElo "2656"]
[PlyCount "53"]
[EventDate "2007.09.08"]

1. e4 e5 2. Nf3 Nc6 3. Bb5 a6 4. Ba4 Nf6 5. O-O Be7 6. Re1 b5 7. Bb3 O-O 8. h3
Rb8 9. c3 d5 10. d4 exd4 11. e5 Ne4 12. Nxd4 Na5 13. Bc2 b4 14. Bxe4 dxe4 15.
Nd2 c5 16. N4b3 bxc3 17. bxc3 Bf5 18. Nxa5 Qxa5 19. Nxe4 Bxe4 20. Rxe4 Qxc3 21.
Be3 Rfd8 22. Qc1 Qd3 23. Rc4 Rd5 24. Rc3 Qe4 25. Bxc5 Bxc5 26. Rxc5 Qxe5 27.
Rxd5 1/2-1/2

[Event "Czech Coal"]
[Site "Carlsbad CZE"]
[Date "2007.09.13"]
[Round "5"]
[White "Ponomariov, R."]
[Black "Akopian, Vl"]
[Result "1/2-1/2"]
[WhiteElo "2706"]
[BlackElo "2708"]
[PlyCount "53"]
[EventDate "2007.09.08"]

1. e4 e5 2. Nf3 Nc6 3. Bb5 a6 4. Ba4 Nf6 5. O-O Be7 6. Re1 b5 7. Bb3 O-O 8. h3
Bb7 9. d3 d6 10. c3 Na5 11. Bc2 c5 12. Nbd2 Re8 13. Nf1 h6 14. d4 cxd4 15. cxd4
exd4 16. Nxd4 Bf8 17. Nf5 Rc8 18. N1g3 Qc7 19. Re2 Nc4 20. Qd4 Ne5 21. Bf4 Qc5
22. Rd1 Qxd4 23. Nxd4 Ng6 24. Bc1 d5 25. exd5 Rxe2 26. Ngxe2 Bxd5 27. Bb3
1/2-1/2

[Event "Czech Coal"]
[Site "Carlsbad CZE"]
[Date "2007.09.13"]
[Round "5"]
[White "Shirov, A."]
[Black "Korchnoi, V."]
[Result "1-0"]
[WhiteElo "2735"]
[BlackElo "2610"]
[PlyCount "81"]
[EventDate "2007.09.08"]

1. d4 Nf6 2. c4 e6 3. Nf3 d5 4. g3 dxc4 5. Bg2 Bb4+ 6. Bd2 a5 7. O-O Nc6 8. e3
O-O 9. Qe2 e5 10. Nxe5 Nxe5 11. dxe5 Ng4 12. f4 Bf5 13. e4 Qd4+ 14. Kh1 Bc8 15.
Nc3 Rd8 16. Rad1 Bxc3 17. bxc3 Qd3 18. Bf3 Qxe2 19. Bxe2 b5 20. Kg2 f5 21. exf5
Bxf5 22. Bc1 Be4+ 23. Kg1 Nh6 24. Ba3 Kf7 25. f5 Rxd1 26. Bxd1 b4 27. cxb4 axb4
28. Bxb4 Rxa2 29. Bh5+ Kg8 30. Rd1 Bd3 31. e6 Nxf5 32. Bf7+ Kh8 33. e7 Nxe7 34.
Bxe7 h6 35. Rc1 Re2 36. Bb4 Re4 37. Re1 Rd4 38. Bc3 Rd7 39. Re8+ Kh7 40. Be6
Rd6 41. Re7 1-0

[Event "Czech Coal"]
[Site "Carlsbad CZE"]
[Date "2007.09.13"]
[Round "5"]
[White "Navara, D."]
[Black "Timman, J."]
[Result "1-0"]
[WhiteElo "2656"]
[BlackElo "2560"]
[PlyCount "173"]
[EventDate "2007.09.08"]

1. e4 e5 2. Nf3 Nf6 3. Nxe5 d6 4. Nf3 Nxe4 5. d4 d5 6. Bd3 Bd6 7. O-O O-O 8. c4
c6 9. Qc2 Na6 10. a3 Bg4 11. Ne5 Bxe5 12. dxe5 Nac5 13. f3 Nxd3 14. Qxd3 Nc5
15. Qd4 Nb3 16. Qxg4 Nxa1 17. Bh6 g6 18. Nc3 Qb6+ 19. Rf2 Rfe8 20. Qf4 Qc7 21.
Re2 Re6 22. Kf1 Rd8 23. Bg5 Nb3 24. cxd5 cxd5 25. Qa4 Na5 26. Nb5 Qb6 27. Bxd8
Qxd8 28. Nd4 Re7 29. e6 Qc7 30. Qb5 Qc1+ 31. Kf2 Qc4 32. Qxc4 dxc4 33. exf7+
Rxf7 34. Re8+ Kg7 35. Rd8 Re7 36. g4 a6 37. h4 Kf6 38. g5+ Kf7 39. Kg3 Nb3 40.
Nxb3 cxb3 41. Rd3 Re2 42. Rxb3 b5 43. Rb4 Rc2 44. b3 Ra2 45. a4 bxa4 46. Rxa4
Rb2 47. b4 Kg7 48. f4 Rb3+ 49. Kg4 Rb1 50. Kf3 h5 51. Ke4 Kf7 52. Kd5 Rd1+ 53.
Kc5 Rc1+ 54. Kd5 Rd1+ 55. Kc5 Rc1+ 56. Kd4 Rf1 57. Rxa6 Rxf4+ 58. Kc5 Rxh4 59.
b5 Rh1 60. b6 Rb1 61. Ra4 Ke6 62. Rf4 Rc1+ 63. Kb5 Rb1+ 64. Ka6 Ra1+ 65. Kb7
Ke5 66. Rf6 h4 67. Kc7 Rc1+ 68. Rc6 Rb1 69. Rxg6 Kf5 70. Rg8 Rc1+ 71. Kb8 h3
72. g6 h2 73. g7 h1=Q 74. Rf8+ Ke5 75. g8=Q Qh2 76. Rf7 Kd4+ 77. Rc7 Rxc7 78.
bxc7 Kc5 79. Qg5+ Kc6 80. Qg6+ Kd7 81. Qf7+ Kc6 82. Qf3+ Kc5 83. Qc3+ Kb6 84.
Qb4+ Kc6 85. Qc3+ Kb6 86. Qb3+ Kc6 87. Qc2+ 1-0

[Event "Czech Coal"]
[Site "Carlsbad CZE"]
[Date "2007.09.14"]
[Round "6"]
[White "Movsesian, S."]
[Black "Navara, D."]
[Result "1-0"]
[WhiteElo "2667"]
[BlackElo "2656"]
[PlyCount "77"]
[EventDate "2007.09.08"]

1. e4 e5 2. Nf3 Nc6 3. Bb5 a6 4. Ba4 Nf6 5. O-O Be7 6. Re1 b5 7. Bb3 O-O 8. h3
Rb8 9. c3 d5 10. exd5 Nxd5 11. Nxe5 Nxe5 12. Rxe5 Bb7 13. d4 Bf6 14. Re1 Re8
15. Na3 b4 16. cxb4 Nxb4 17. Be3 Be4 18. Qe2 Nd3 19. Red1 Bxd4 20. Nc4 Bxe3 21.
Nxe3 Rb6 22. Bc4 Rd6 23. Bxd3 Bxd3 24. Qf3 h6 25. Rac1 Be4 26. Qf4 Ree6 27. b3
Qe7 28. Nc4 Rf6 29. Qe5 Rde6 30. Qd4 Rg6 31. Ne3 Kh7 32. Qc5 Qh4 33. Qxc7 Ref6
34. Rd2 Qxh3 35. Qh2 Qf3 36. Re1 Rf5 37. g3 Rh5 38. Qg2 Qf4 39. gxf4 1-0

[Event "Czech Coal"]
[Site "Carlsbad CZE"]
[Date "2007.09.14"]
[Round "6"]
[White "Korchnoi, V."]
[Black "Laznicka, V."]
[Result "1/2-1/2"]
[WhiteElo "2610"]
[BlackElo "2594"]
[PlyCount "106"]
[EventDate "2007.09.08"]

1. d4 d5 2. c4 c6 3. Nc3 Nf6 4. e3 a6 5. Qc2 b5 6. b3 Bg4 7. Nge2 Nbd7 8. h3
Bh5 9. Nf4 Bg6 10. Nxg6 hxg6 11. Be2 e6 12. a3 Bd6 13. Bb2 Qe7 14. e4 dxe4 15.
Nxe4 Nxe4 16. Qxe4 Rc8 17. c5 Bb8 18. O-O-O Qg5+ 19. Kb1 Nf6 20. Qf3 Ke7 21.
Bd3 Rh5 22. Ka2 Nd5 23. g3 Qf6 24. Qe2 Rch8 25. h4 g5 26. hxg5 Qxg5 27. Be4 Rh2
28. Qe1 Kd7 29. Ka1 Bc7 30. Qg1 Rxh1 31. Bxh1 Qf5 32. Rd2 Ba5 33. b4 Bc7 34. g4
Qg5 35. Rd1 a5 36. bxa5 Ra8 37. Be4 Rxa5 38. Qg2 Ra6 39. Bxd5 Qxd5 40. Qxd5+
exd5 41. Kb1 Ra8 42. Rh1 Re8 43. Rh7 Re1+ 44. Ka2 Re2 45. Rxg7 Ke7 46. f3 Bf4
47. Kb1 Rf2 48. Rg8 Rxf3 49. g5 Rg3 50. Rc8 Kd7 51. Rf8 Ke7 52. Rc8 Kd7 53. Rf8
Ke7 1/2-1/2

[Event "Czech Coal"]
[Site "Carlsbad CZE"]
[Date "2007.09.15"]
[Round "7"]
[White "Timman, J."]
[Black "Movsesian, S."]
[Result "1/2-1/2"]
[WhiteElo "2560"]
[BlackElo "2667"]
[PlyCount "98"]
[EventDate "2007.09.08"]

1. e4 c5 2. Nf3 Nc6 3. Bb5 d6 4. O-O Bd7 5. Re1 Nf6 6. h3 e6 7. c3 Ne5 8. Bxd7+
Qxd7 9. d3 Be7 10. a4 O-O 11. Nxe5 dxe5 12. Na3 Rfd8 13. Nc4 Qxd3 14. Qxd3 Rxd3
15. Nxe5 Rdd8 16. Nc4 Ne8 17. Bf4 f6 18. Red1 Kf7 19. Kf1 e5 20. Be3 Ke6 21.
Ke2 b6 22. f3 Nd6 23. Nxd6 Rxd6 24. c4 Rxd1 25. Rxd1 a5 26. f4 Rd8 27. Rd5 Bd6
28. g4 h6 29. h4 Rh8 30. f5+ Ke7 31. Rd1 Bc7 32. Kf3 Bd6 33. Bf2 Rd8 34. g5 h5
35. Be3 Kf7 36. Ke2 Be7 37. Rg1 Bd6 38. Rd1 Be7 39. Rf1 Bd6 40. Kd3 Be7+ 41.
Kc2 Bd6 42. Ra1 Be7 43. Ra3 Bd6 44. Rb3 Bc7 45. Bf2 Rc8 46. Rd3 Rd8 47. Rd5 Ke8
48. Be3 Ke7 49. g6 Ra8 1/2-1/2